| 000 | 00604fam a2200169 a 4500 | ||
|---|---|---|---|
| 020 | _a0821322516 | ||
| 082 | 0 | 0 |
_a346/.067 _a342.67 |
| 100 | 1 |
_aGuislain, Pierre, _937799 |
|
| 245 | 1 | 0 |
_aDivestiture of state enterprises : _ban overview of the legal framework / _cPierre Guislain. |
| 260 |
_aWashington, D.C. : _bWorld Bank, _c1992. |
||
| 300 |
_ax, 85 p. ; _c28 cm. |
||
| 490 | 1 | _aWorld Bank technical paper, | |
| 526 |
_a0 _b0 _c0 _d346_067000000000000 |
||
| 650 | 0 |
_aGovernment business enterprises _xLaw and legislation. _937800 |
|
| 650 | 0 |
_aPrivatization _xLaw and legislation. _937801 |
|
| 942 |
_2ddc _cBK |
||
| 999 |
_c542579 _d542579 |
||